| 000 | 00726 am a22002537a 4500 | ||
|---|---|---|---|
| 001 | 010096548 | ||
| 003 | EG-ScBUE | ||
| 005 | 20251125093616.0 | ||
| 008 | 910607s2000 enk f 000 1 eng d | ||
| 020 | _a9780749391416 | ||
| 040 |
_aUk _beng _erda _cUk _dEG-ScBUE |
||
| 082 | 0 | 4 |
_a813.54 _222 _bPYN |
| 100 | 1 |
_aPynchon, Thomas, _eauthor. |
|
| 245 | 1 | 0 |
_aVineland / _cThomas Pynchon. |
| 264 | 1 |
_aLondon : _bVintage Books, _c2000. |
|
| 300 |
_a385 pages ; _c24 cm |
||
| 336 |
_atext _2rdacontent _btxt |
||
| 337 |
_aunmediated _2rdamedia _bn |
||
| 338 |
_avolume _2rdacarrier _bnc |
||
| 650 | 7 |
_2BUEsh _aEnglish fiction _y20 century. |
|
| 655 | _vReading book | ||
| 942 |
_2ddc _cBB |
||
| 999 |
_c31004 _d30975 |
||